000 00489nam a2200193Ia 4500
005 20231012103720.0
008 131103s9999 xx 000 0 und d
020 _a340487682
040 _aLoreto College
041 _aEnglish
082 _aF
_bSAY
100 _aSayers,Dorothy L.
245 4 _aThe Nine Tailors
_cDorothy L.Sayers
260 _aLondon
_bCoronet Books/Hodder & Stoughton
_c1934
300 _a299 p.
650 _aFiction in English
850 _aLCLIB
942 _cBK
999 _c15043
_d65522